| 000 | 00682nam a22001937a 4500 | ||
|---|---|---|---|
| 999 |
_c178578 _d178578 |
||
| 005 | 20210407111658.0 | ||
| 010 | _aENG-129380 | ||
| 020 |
_c799.00 _a978-93-903-9458-6 |
||
| 035 | _aEN-112912 | ||
| 037 | _bDBAD/PUB | ||
| 082 | _a658.401 | ||
| 100 | _aEvans, James R. | ||
| 245 |
_aBusiness Analytics: Methods, Models and Decisions/ _bJames R. Evans |
||
| 250 | _a3rd | ||
| 260 |
_aNoida _bPearson _c2021 |
||
| 270 |
_a15th floor,Tower-B,Word Trade Tower,Plot no.1,Block-C sec 16, _bNoida _e201301 _k04466540100 _mcompanysecretary.india@pearson.com |
||
| 300 |
_a704p. _c25cm(pbk) _bGeometrical tables, illustrations and index. |
||
| 942 |
_2ddc _cEN _h658.401 _mEVA |
||